000 00937nam a2200277 i 4500
001 12122
003 KOSZ 005
005 20200630132825.0
008 990506s1969 pl f 001 0 pol
015 _aPB 1969/9720
040 _aWA N
_cKOSZ 005/RW
_dKOSZ 005/RW
041 0 _apol
_beng
_bfre
_brus
080 _a050+070
100 1 _aKafel, Mieczysław
_d(1912-1971).
_eAutor
245 1 0 _aPrasoznawstwo :
_bwstęp do problematyki /
_cMieczysław Kafel.
250 _aWyd. 2, przejrzane.
260 _aWarszawa :
_bPaństwowe Wydawnictwo Naukowe,
_c1969.
300 _a256 s. ;
_c22 cm.
380 _aKsiążki.
504 _aBibliogr. s. 212-238. Indeks.
546 _aStreszcz. ang., fr., ros.
650 4 _aPrasa (wydawnictwa)
710 2 _aPaństwowe Wydawnictwo Naukowe
_4pbl.
856 _uhttp://koha.tu.koszalin.pl/cgi-bin/koha/opac-detail.pl?biblionumber=12122
_yKatalog online BPK
942 _2UKD
_cKS
999 _c12122
_d12122